Principios del derecho tributario : sistema de distribución en la fuente de la riqueza /

Bibliographic Details
Main Authors: Duque Espinoza, Gabriela (Author), González Soto, Karla (Author), Chica Contreras, Ma. Gabriela (Author)
Other Authors: Barrera Crespo, Boris, 1976- (Editor)
Format: Electronic eBook
Language:Spanish
Published: Cuenca, Ecuador : Universidad del Azuay, Casa Editora, [2023]
Edition:Primera edición.
Series:Homo (Universidad del Azuay, Casa Editora)
Subjects:
Online Access:Digitalia Hispánica

MARC

LEADER 00000nam a2200000Ii 4500
001 DIGUAZUAY0243
003 NyNyDIG
006 m o d
007 cr |||||||||||
008 251104s2023 ec ob 000 0 spa d
035 |a (OCoLC)1500720334 
040 |a DGITA  |b eng  |e rda  |e pn  |c DGITA 
020 |a 9789942618351  |q eBook 
020 |z 9789942618344 
043 |a s-ec--- 
050 1 4 |a KHK4589 ebook 
100 1 |a Duque Espinoza, Gabriela,  |e author. 
245 1 0 |a Principios del derecho tributario :  |b sistema de distribución en la fuente de la riqueza /  |c Boris Barrera Crespo, director ; Gabriela Duque Espinoza, Karla González Soto, Ma. Gabriela Chica Contreras. 
250 |a Primera edición. 
264 1 |a Cuenca, Ecuador :  |b Universidad del Azuay, Casa Editora,  |c [2023] 
300 |a 1 online resource. 
336 |a text  |b txt  |2 rdacontent 
337 |a computer  |b c  |2 rdamedia 
338 |a online resource  |b cr  |2 rdacarrier 
347 |a text file  |2 rdaft 
347 |b PDF 
490 1 |a Homo 
504 |a Includes bibliographical references. 
588 0 |a Online resource; title from PDF title page (Digitalia, viewed November 4, 2025) 
650 0 |a Taxation  |x Law and legislation  |z Ecuador. 
700 1 |a Barrera Crespo, Boris,  |d 1976-  |e editor. 
700 1 |a González Soto, Karla,  |e author. 
700 1 |a Chica Contreras, Ma. Gabriela,  |e author. 
791 2 |a Digitalia (Firm),  |e distributor. 
793 0 |g Digitalia eBook Collection:  |a Universidad del Azuay 
776 0 8 |i Print version:  |a Duque Espinoza, Gabriela.  |t Principios del derecho tributario.  |b Primera edición.  |d Cuenca, Ecuador : Universidad del Azuay, Casa Editora, [2023]  |z 9789942618344 
830 0 |a Homo (Universidad del Azuay, Casa Editora) 
856 4 0 |3 Digitalia Hispánica  |u https://www.digitaliapublishing.com/a/170471/ 
910 |a Premium collection: 2025